<?xml version='1.0' encoding='UTF-8'?>
  <record xmlns="http://www.loc.gov/MARC21/slim">
    <leader>00000cam a22000007i 4500</leader>
    <controlfield tag="001">ocm67982825</controlfield>
    <controlfield tag="003">OCoLC</controlfield>
    <controlfield tag="005">20250724035415.2</controlfield>
    <controlfield tag="008">980519s1591    gw            000 0 ger d</controlfield>
    <datafield tag="040" ind1=" " ind2=" ">
      <subfield code="a">NLGGC</subfield>
      <subfield code="b">eng</subfield>
      <subfield code="e">rda</subfield>
      <subfield code="e">dcrmr</subfield>
      <subfield code="e">fobidrtb</subfield>
      <subfield code="c">NLGGC</subfield>
      <subfield code="d">QGJ</subfield>
      <subfield code="d">OCLCL</subfield>
      <subfield code="d">OCLCQ</subfield>
      <subfield code="d">QGJ</subfield>
    </datafield>
    <datafield tag="029" ind1="0" ind2=" ">
      <subfield code="a">NLGGC</subfield>
      <subfield code="b">169394956</subfield>
    </datafield>
    <datafield tag="035" ind1=" " ind2=" ">
      <subfield code="a">(OCoLC)67982825</subfield>
    </datafield>
    <datafield tag="100" ind1="1" ind2=" ">
      <subfield code="a">Tossanus, Daniel,</subfield>
      <subfield code="d">1541-1602,</subfield>
      <subfield code="e">author.</subfield>
      <subfield code="4">aut</subfield>
      <subfield code="1">https://id.oclc.org/worldcat/entity/E39PBJcR9kvrRTKJM88667D8YP</subfield>
    </datafield>
    <datafield tag="245" ind1="1" ind2="0">
      <subfield code="a">Drey Christliche Predigten Danielis Tossani, Kirchendieners vnnd der H.Schrifft Professoris zu Heidelberg. Jn welchen kürtzlich vnd deutlich widerholet vnd dargethan wirdt der Reformirten Euangelischen Kirchen Lehr vnd Bekantnuß von diesen dreyen Puncten, [et]c. I. Wem der Herr Christus zu gut in die Welt kommen, vnd gestorben sey: II. Von der Persönlichen, vnd auch von der Sacramentlichen vereinigung, [et]c. III. Von der Praedestination, vnd welcher gestalt der Herr Christus etlichen zum Fall, etlichen zur Aufferstehung gestzt sey, [et]c. ...</subfield>
    </datafield>
    <datafield tag="246" ind1="3" ind2=" ">
      <subfield code="a">Drey christliche Predigten</subfield>
    </datafield>
    <datafield tag="264" ind1=" " ind2="1">
      <subfield code="a">Gedruckt in der churfürstlichen Statt Heidelberg, :</subfield>
      <subfield code="b">durch Josuam Harnisch,</subfield>
      <subfield code="c">anno 1591.</subfield>
    </datafield>
    <datafield tag="300" ind1=" " ind2=" ">
      <subfield code="a">63, [1] pages ;</subfield>
      <subfield code="c">19 cm (4to)</subfield>
    </datafield>
    <datafield tag="336" ind1=" " ind2=" ">
      <subfield code="a">text</subfield>
      <subfield code="b">txt</subfield>
      <subfield code="2">rdacontent</subfield>
    </datafield>
    <datafield tag="337" ind1=" " ind2=" ">
      <subfield code="a">unmediated</subfield>
      <subfield code="b">n</subfield>
      <subfield code="2">rdamedia</subfield>
    </datafield>
    <datafield tag="338" ind1=" " ind2=" ">
      <subfield code="a">volume</subfield>
      <subfield code="b">nc</subfield>
      <subfield code="2">rdacarrier</subfield>
    </datafield>
    <datafield tag="340" ind1=" " ind2=" ">
      <subfield code="m">4to</subfield>
      <subfield code="2">rdabf</subfield>
    </datafield>
    <datafield tag="500" ind1=" " ind2=" ">
      <subfield code="a">Colophon: Getruckt in der Churfürstlichen Stat Heidelberg, durch Abraham Smesman, in Verlegung Josua Harnisch. Anno M. D. XCI.</subfield>
    </datafield>
    <datafield tag="500" ind1=" " ind2=" ">
      <subfield code="a">Printer's device on last page with slogan: Ditat servata fides.</subfield>
    </datafield>
    <datafield tag="500" ind1=" " ind2=" ">
      <subfield code="a">Initials.</subfield>
    </datafield>
    <datafield tag="500" ind1=" " ind2=" ">
      <subfield code="a">Signatures: A-H⁴; A1v is blank.</subfield>
    </datafield>
    <datafield tag="505" ind1="0" ind2=" ">
      <subfield code="a">Die erste Predigt, Gehalten zu Heydelberg, Anno 90 ... uber den Spruch Zachariae 9. Du Tochter Sion freue dich sehr, siehe dein König kompt zu dir : Wem der Herr Christus zu gut in die Welt kommen sey -- Die Andere Predigt, Von der Persönlichen vnd auch von der Sacramentlichen vereinigung, Lucae 2. Auf dem Christag. -- Der dritte Predigt auß dem anderen  Capitel S. Lucae, versicul. 34. Von der Praedestination, vnd welcher gestalt der Herr Christus gesetzt sey zum fall vnd zur Aufferstehung vielen in Israel.</subfield>
    </datafield>
    <datafield tag="510" ind1="4" ind2=" ">
      <subfield code="a">Verzeichnis der im deutschen Sprachbereich erschienenen Drucke des 16. Jahrhunderts (VD 16),</subfield>
      <subfield code="c">T 1688</subfield>
      <subfield code="u">https://gateway-bayern.de/VD16+T+1688</subfield>
    </datafield>
    <datafield tag="510" ind1="4" ind2=" ">
      <subfield code="3">Toussain, Daniel: Von der persönlichen und auch von der sakramentlichen Vereinigung.:</subfield>
      <subfield code="a">Verzeichnis der im deutschen Sprachbereich erschienenen Drucke des 16. Jahrhunderts (VD 16),</subfield>
      <subfield code="c">T 1747</subfield>
      <subfield code="u">https://gateway-bayern.de/VD16+T+1747</subfield>
    </datafield>
    <datafield tag="510" ind1="4" ind2=" ">
      <subfield code="3">Toussain, Daniel: Von der Prädestination.:</subfield>
      <subfield code="a">Verzeichnis der im deutschen Sprachbereich erschienenen Drucke des 16. Jahrhunderts (VD 16),</subfield>
      <subfield code="c">T 1748</subfield>
      <subfield code="u">https://gateway-bayern.de/VD16+T+1748</subfield>
    </datafield>
    <datafield tag="700" ind1="1" ind2=" ">
      <subfield code="a">Harnisch, Josua,</subfield>
      <subfield code="d">-1606,</subfield>
      <subfield code="e">publisher.</subfield>
      <subfield code="4">pbl</subfield>
      <subfield code="1">https://id.oclc.org/worldcat/entity/E39PBJcBY6BkQCrqKQ78dH3YT3</subfield>
    </datafield>
    <datafield tag="700" ind1="1" ind2=" ">
      <subfield code="a">Smesmann, Abraham,</subfield>
      <subfield code="d">-1596,</subfield>
      <subfield code="e">printer.</subfield>
      <subfield code="4">prt</subfield>
      <subfield code="1">https://id.oclc.org/worldcat/entity/E39PCjChy9dKjccBMjfd6yY4C3</subfield>
    </datafield>
    <datafield tag="710" ind1="2" ind2=" ">
      <subfield code="a">Heidelberg.</subfield>
      <subfield code="b">Burgermeister und Rath,</subfield>
      <subfield code="e">dedicatee.</subfield>
      <subfield code="4">dte</subfield>
    </datafield>
    <datafield tag="752" ind1=" " ind2=" ">
      <subfield code="a">Germany</subfield>
      <subfield code="d">Heidelberg,</subfield>
      <subfield code="e">publication place.</subfield>
      <subfield code="4">pup</subfield>
    </datafield>
    <datafield tag="758" ind1=" " ind2=" ">
      <subfield code="i">has work:</subfield>
      <subfield code="a">Drey christliche Predigten Danielis Tossani (Text)</subfield>
      <subfield code="1">https://id.oclc.org/worldcat/entity/E39PD3FfYwMdGF3CdWhKC4QCV3</subfield>
      <subfield code="4">https://id.oclc.org/worldcat/ontology/hasWork</subfield>
    </datafield>
    <datafield tag="936" ind1=" " ind2=" ">
      <subfield code="a">BATCHLOAD</subfield>
    </datafield>
  </record>